Children of 2010 : (Record no. 104305)
[ view plain ]
| 000 -LEADER | |
|---|---|
| fixed length control field | 00713nam a2200169 a 4500 |
| 005 - DATE AND TIME OF LATEST TRANSACTION | |
| control field | 20140412111318.0 |
| 008 - FIXED-LENGTH DATA ELEMENTS--GENERAL INFORMATION | |
| fixed length control field | 010329s19uu xx 00 eng d |
| 020 ## - INTERNATIONAL STANDARD BOOK NUMBER | |
| International Standard Book Number | 0-935989-92-7 |
| 050 ## - LIBRARY OF CONGRESS CALL NUMBER | |
| Classification number | TR(GS 370.973 |
| Item number | C536 1998 |
| 100 ## - MAIN ENTRY--PERSONAL NAME | |
| Personal name | Washington, Valora |
| 245 ## - TITLE STATEMENT | |
| Title | Children of 2010 : |
| Remainder of title | a 1999 NAEY comprehensive membership benefit / |
| Statement of responsibility, etc | Valora Washington and J. D. Andrews, Editors. |
| 260 ## - PUBLICATION, DISTRIBUTION, ETC. (IMPRINT) | |
| Place of publication, distribution, etc | Washington, DC : |
| Name of publisher, distributor, etc | Children of 2010, |
| Date of publication, distribution, etc | 1998. |
| 300 ## - PHYSICAL DESCRIPTION | |
| Extent | x p. ; 173 p. |
| 520 ## - SUMMARY, ETC. | |
| Summary, etc | Children of 2010 is a wake-up call for practitioners who work with children as well as parents, policymakers, and everyone who cares about democracy and out next generation of children. |
| 650 ## - SUBJECT ADDED ENTRY--TOPICAL TERM | |
| Topical term or geographic name as entry element | Children |
| Withdrawn status | Lost status | Damaged status | Home library | Current library | Shelving location | Date acquired | Source of acquisition | Total Checkouts | Full call number | Barcode | Date last seen | Price effective from | Koha item type |
|---|---|---|---|---|---|---|---|---|---|---|---|---|---|
| Elizalde Library | Elizalde Library | Teachers Reference Section | 03/29/2001 | TR(GS 370.973 C536 1998 | E7329 | 04/12/2014 | 04/12/2014 | Books |